000 00348nam a2200145Ia 4500
008 150201s2009 xx 000 0 und d
082 _a610
_bE09R
100 _aAJJAN,RANZI
245 _aENDOCRINOLOGY AND DIABETES
250 _a1ST
260 _bWILEY BLACKWELL
_aUK
_c2009
300 _a1-195
650 _aMEDICINE AND DIAGNOSIS
942 _2ddc
_cBK
999 _c572
_d572